Rhythm heaven games (DS) - Statistics

General Stats
  • This quiz has been taken 50 times
  • The average score is 29 of 41
Answer Stats
Answer % Correct
Karate Man
94%
Built to Scale
88%
Glee Club
88%
Fillbots
85%
Fan Club
82%
Karate Man 2
82%
Love Lab
82%
Moai Doo-Wop
82%
Rhythm Rally
82%
Rockers
82%
Built to Scale 2
79%
Lockstep
79%
Space Soccer
79%
The Dazzles
79%
Crop Stomp
76%
Fan Club 2
76%
Splashdown
76%
Dog Ninja
73%
Fillbots 2
73%
Glee Club 2
73%
Love Lizards
73%
Frog Hop
70%
Lockstep 2
70%
Moai Doo-Wop 2
70%
Munchy Monk
70%
Rhythm Rally 2
70%
Rockers 2
70%
Shoot 'Em Up
70%
Blue Birds
67%
The Dazzles 2
67%
DJ School
64%
Frog Hop 2
64%
Big Rock Finish
61%
Freeze Frame
61%
Shoot 'Em Up 2
61%
Space Soccer 2
61%
Drummer Duel
58%
Splashdown 2
58%
Blue Birds 2
55%
Munchy Monk 2
55%
Airborder
21%
No matching quizzes found
Score Distribution
Percent of People with Each Score
Percentile by Number Answered
Your Score History
You have not taken this quiz